<?xml version="1.0" encoding="UTF-8"?>
<record
    xmlns:xsi="http://www.w3.org/2001/XMLSchema-instance"
    xsi:schemaLocation="http://www.loc.gov/MARC21/slim http://www.loc.gov/standards/marcxml/schema/MARC21slim.xsd"
    xmlns="http://www.loc.gov/MARC21/slim">

  <leader>01686nam a2200349 i 4500</leader>
  <controlfield tag="001">000044791</controlfield>
  <controlfield tag="003">DO-SdBNP</controlfield>
  <controlfield tag="005">20231222112026.0</controlfield>
  <controlfield tag="006">a||||gr|||| 00| 0 </controlfield>
  <controlfield tag="007">ta</controlfield>
  <controlfield tag="008">150112e2014    dr ac         000 0 spa d</controlfield>
  <datafield tag="020" ind1=" " ind2=" ">
    <subfield code="a">9789945891614</subfield>
  </datafield>
  <datafield tag="040" ind1=" " ind2=" ">
    <subfield code="a">DO-SdBNP</subfield>
    <subfield code="b">spa</subfield>
    <subfield code="c">BNPHU</subfield>
    <subfield code="e">rda</subfield>
  </datafield>
  <datafield tag="082" ind1=" " ind2="4">
    <subfield code="2">22</subfield>
    <subfield code="b">P649a</subfield>
  </datafield>
  <datafield tag="100" ind1="1" ind2=" ">
    <subfield code="a">Pineda, Jorge</subfield>
    <subfield code="9">7045</subfield>
    <subfield code="e">autor</subfield>
  </datafield>
  <datafield tag="245" ind1="1" ind2="0">
    <subfield code="a">Jorge Pineda: </subfield>
    <subfield code="b">After All Tomorrow Is Another Day /</subfield>
    <subfield code="c">Jorge Pineda, Fernando Castro Fl&#xF3;rez, Consuelo Ciscar, Mar&#xED;a Elena Ditr&#xE9;n, Sarah Herman, Suset S&#xE1;nchez... [y otros]; editado por Orlando Isaac</subfield>
  </datafield>
  <datafield tag="264" ind1=" " ind2=" ">
    <subfield code="a">Santo Domingo :</subfield>
    <subfield code="b">Ministerio de Cultura</subfield>
    <subfield code="c">2014.</subfield>
  </datafield>
  <datafield tag="300" ind1=" " ind2=" ">
    <subfield code="a">191 p&#xE1;ginas, [120 l&#xE1;minas]  :</subfield>
    <subfield code="b">Ilustraciones, retratos ;</subfield>
    <subfield code="c">30 cm.</subfield>
    <subfield code="e">+ Anexo</subfield>
  </datafield>
  <datafield tag="336" ind1=" " ind2=" ">
    <subfield code="2">rdacontent</subfield>
    <subfield code="a">texto</subfield>
    <subfield code="b">txt</subfield>
  </datafield>
  <datafield tag="337" ind1=" " ind2=" ">
    <subfield code="2">rdamedia</subfield>
    <subfield code="a">sin mediaci&#xF3;n</subfield>
    <subfield code="b">n</subfield>
  </datafield>
  <datafield tag="338" ind1=" " ind2=" ">
    <subfield code="2">rdacarrier</subfield>
    <subfield code="a">volumen</subfield>
    <subfield code="b">nc</subfield>
  </datafield>
  <datafield tag="500" ind1=" " ind2=" ">
    <subfield code="a">Contiene anexo.</subfield>
  </datafield>
  <datafield tag="505" ind1="0" ind2=" ">
    <subfield code="t">Met&#xE1;foras de la sociedad global</subfield>
    <subfield code="g">Consuelo Ciscar</subfield>
    <subfield code="t">Infancia, trauma, camuflaje y otras formas de enmascaramiento</subfield>
    <subfield code="g">Fernando Castro Fl&#xF3;rez</subfield>
    <subfield code="t">M&#xE1;s all&#xE1; de lo lucido: un espacio para la reflexi&#xF3;n</subfield>
    <subfield code="g">Mar&#xED;a Elena Ditr&#xE9;n</subfield>
    <subfield code="t">Entrevista. Explicando a la liebre</subfield>
    <subfield code="g">Sarah Herman</subfield>
    <subfield code="t">Jorge Pineda, desde dentro y a solas pululando bajo la mirada de Dios y de los perros</subfield>
    <subfield code="g">Suset S&#xE1;nchez</subfield>
    <subfield code="t">Listado de obras</subfield>
    <subfield code="t">Curriculum</subfield>
    <subfield code="t">Equipo de trabajo</subfield>
  </datafield>
  <datafield tag="590" ind1=" " ind2=" ">
    <subfield code="a">Inventariado 2023 / MF</subfield>
  </datafield>
  <datafield tag="700" ind1="1" ind2=" ">
    <subfield code="a">Castro Fl&#xF3;res, Fernando,</subfield>
    <subfield code="e">autor</subfield>
    <subfield code="9">4058</subfield>
  </datafield>
  <datafield tag="700" ind1="1" ind2=" ">
    <subfield code="a">Ciscar, Consuelo</subfield>
    <subfield code="e">autor</subfield>
    <subfield code="9">72811</subfield>
  </datafield>
  <datafield tag="700" ind1="1" ind2=" ">
    <subfield code="a">Ditr&#xE9;n, Mar&#xED;a Elena</subfield>
    <subfield code="e">autor</subfield>
    <subfield code="9">57565</subfield>
  </datafield>
  <datafield tag="700" ind1="1" ind2=" ">
    <subfield code="a">Herman, Sarah</subfield>
    <subfield code="e">autor</subfield>
    <subfield code="9">72812</subfield>
  </datafield>
  <datafield tag="700" ind1="1" ind2=" ">
    <subfield code="a">S&#xE1;nchez, Suset</subfield>
    <subfield code="e">autor</subfield>
    <subfield code="9">72813</subfield>
  </datafield>
  <datafield tag="700" ind1="1" ind2=" ">
    <subfield code="a">Isaac , Orlando</subfield>
    <subfield code="e">ilustrador</subfield>
    <subfield code="9">77680</subfield>
  </datafield>
  <datafield tag="942" ind1=" " ind2=" ">
    <subfield code="2">ddc</subfield>
    <subfield code="c">LBS1</subfield>
  </datafield>
  <datafield tag="952" ind1=" " ind2=" ">
    <subfield code="0">0</subfield>
    <subfield code="1">0</subfield>
    <subfield code="2">ddc</subfield>
    <subfield code="5">6</subfield>
    <subfield code="7">0</subfield>
    <subfield code="8">DS</subfield>
    <subfield code="a">BNPHU</subfield>
    <subfield code="b">BNPHU</subfield>
    <subfield code="c">CT</subfield>
    <subfield code="d">2014-08-27</subfield>
    <subfield code="e">Dep&#xF3;sito Legal </subfield>
    <subfield code="l">0</subfield>
    <subfield code="o">P649a</subfield>
    <subfield code="p">44791-30</subfield>
    <subfield code="r">2020-06-25</subfield>
    <subfield code="t">e. 3</subfield>
    <subfield code="w">2020-06-25</subfield>
    <subfield code="y">LBS1</subfield>
    <subfield code="Z">Pr&#xE9;stamo en sala</subfield>
  </datafield>
  <datafield tag="952" ind1=" " ind2=" ">
    <subfield code="0">0</subfield>
    <subfield code="1">0</subfield>
    <subfield code="2">ddc</subfield>
    <subfield code="5">1</subfield>
    <subfield code="7">0</subfield>
    <subfield code="8">PD</subfield>
    <subfield code="a">BNPHU</subfield>
    <subfield code="b">BNPHU</subfield>
    <subfield code="c">CT</subfield>
    <subfield code="d">2015-01-12</subfield>
    <subfield code="l">0</subfield>
    <subfield code="o">P649a</subfield>
    <subfield code="p">44791-10</subfield>
    <subfield code="r">2020-06-25</subfield>
    <subfield code="w">2020-06-25</subfield>
    <subfield code="y">LBS1</subfield>
    <subfield code="Z">No se presta</subfield>
  </datafield>
  <datafield tag="952" ind1=" " ind2=" ">
    <subfield code="0">0</subfield>
    <subfield code="1">0</subfield>
    <subfield code="2">ddc</subfield>
    <subfield code="5">1</subfield>
    <subfield code="7">0</subfield>
    <subfield code="8">PD</subfield>
    <subfield code="a">BNPHU</subfield>
    <subfield code="b">BNPHU</subfield>
    <subfield code="c">CT</subfield>
    <subfield code="d">2014-08-27</subfield>
    <subfield code="e">Dep&#xF3;sito Legal </subfield>
    <subfield code="l">0</subfield>
    <subfield code="o">P649a</subfield>
    <subfield code="p">44791-20</subfield>
    <subfield code="r">2020-06-25</subfield>
    <subfield code="t">e.2 </subfield>
    <subfield code="w">2020-06-25</subfield>
    <subfield code="y">LBS1</subfield>
    <subfield code="Z">No se presta</subfield>
  </datafield>
  <datafield tag="952" ind1=" " ind2=" ">
    <subfield code="0">0</subfield>
    <subfield code="1">0</subfield>
    <subfield code="2">ddc</subfield>
    <subfield code="5">6</subfield>
    <subfield code="7">0</subfield>
    <subfield code="8">DS</subfield>
    <subfield code="a">BNPHU</subfield>
    <subfield code="b">BNPHU</subfield>
    <subfield code="c">CT</subfield>
    <subfield code="d">2017-11-30</subfield>
    <subfield code="e">Donado por Dr. Luciano M. P. </subfield>
    <subfield code="l">0</subfield>
    <subfield code="o">P649a</subfield>
    <subfield code="p">2023-8418</subfield>
    <subfield code="r">2023-12-22</subfield>
    <subfield code="t">e.4</subfield>
    <subfield code="w">2023-12-22</subfield>
    <subfield code="y">LBS1</subfield>
  </datafield>
  <datafield tag="952" ind1=" " ind2=" ">
    <subfield code="0">0</subfield>
    <subfield code="1">0</subfield>
    <subfield code="2">ddc</subfield>
    <subfield code="5">1</subfield>
    <subfield code="7">0</subfield>
    <subfield code="8">PD</subfield>
    <subfield code="a">BNPHU</subfield>
    <subfield code="b">BNPHU</subfield>
    <subfield code="c">CT</subfield>
    <subfield code="d">2014-08-27</subfield>
    <subfield code="e">Dep&#xF3;sito Legal </subfield>
    <subfield code="l">0</subfield>
    <subfield code="o">P649a</subfield>
    <subfield code="p">44791-10 Anex.</subfield>
    <subfield code="r">2023-12-26</subfield>
    <subfield code="w">2023-12-26</subfield>
    <subfield code="y">LBS1</subfield>
  </datafield>
  <datafield tag="952" ind1=" " ind2=" ">
    <subfield code="0">0</subfield>
    <subfield code="1">0</subfield>
    <subfield code="2">ddc</subfield>
    <subfield code="5">1</subfield>
    <subfield code="7">0</subfield>
    <subfield code="8">PD</subfield>
    <subfield code="a">BNPHU</subfield>
    <subfield code="b">BNPHU</subfield>
    <subfield code="c">CT</subfield>
    <subfield code="d">2023-12-26</subfield>
    <subfield code="e">Dep&#xF3;sito Legal </subfield>
    <subfield code="l">0</subfield>
    <subfield code="o">P649a</subfield>
    <subfield code="p">44791-20 Anex.</subfield>
    <subfield code="r">2023-12-26</subfield>
    <subfield code="t">e.2</subfield>
    <subfield code="w">2023-12-26</subfield>
    <subfield code="y">LBS1</subfield>
  </datafield>
  <datafield tag="952" ind1=" " ind2=" ">
    <subfield code="0">0</subfield>
    <subfield code="1">0</subfield>
    <subfield code="2">ddc</subfield>
    <subfield code="5">6</subfield>
    <subfield code="7">0</subfield>
    <subfield code="8">DS</subfield>
    <subfield code="a">BNPHU</subfield>
    <subfield code="b">BNPHU</subfield>
    <subfield code="c">CT</subfield>
    <subfield code="d">2014-08-27</subfield>
    <subfield code="e">Dep&#xF3;sito Legal </subfield>
    <subfield code="l">0</subfield>
    <subfield code="o">P649a</subfield>
    <subfield code="p">44791-30 Anex.</subfield>
    <subfield code="r">2023-12-26</subfield>
    <subfield code="t">e.3</subfield>
    <subfield code="w">2023-12-26</subfield>
    <subfield code="y">LBS1</subfield>
  </datafield>
  <datafield tag="999" ind1=" " ind2=" ">
    <subfield code="c">44280</subfield>
    <subfield code="d">44280</subfield>
  </datafield>
</record>
